000 00477nam a22001817a 4500
003 CEME
005 20210628203442.0
008 210122b xxu||||| |||| 00| 0 eng d
020 _a3-540-25072-7
040 _cceme
082 _a511.3223 MOR
100 _aMordeson, John N , Bhutani, Kiran R , Rosenfeld, Azriel
_965550
245 _aFuzzy group theory
260 _aNEW YORK
_bSPRINGER
_c2005
300 _aXIII,300 P
650 _aFUZZY SETS.
_936626
942 _cBK
_2ddc
999 _c573723
_d573723